000 00984nas a2200313 4500
001 BR0202235
003 BR-BrBNA
005 20231205102927.0
007 ta
008 230509b bl.|||p| |||| 00| 00por d
040 _aBR-BrBNA
_bpor
_cBiblioteca Nacional de Agricultura
041 _a(Pt)
072 _aF30; H20
100 1 _aGalli, J.A.
100 1 _aPanizzi, R. de C.
100 1 _aSader, R.
100 1 _aBraz, L.T.
245 1 _aAvaliação da qualidade sanitária de sementes de repolho e couve-flor com relação a Xanthomonas campestris e resistência dos genótipos à podridão negra
650 _aREPOLHO
650 _aCOUVE-FLOR
650 _aSEMENTE
650 _aPODRIDÃO NEGRA
650 _aINOCULAÇÃO
650 _aQUALIDADE
650 _aVARIEDADE RESISTENTE
773 0 _tSumma Phytopathologica (Brazil)
_xISSN 0100-5405
_g(Jul-Sep 2001), v. 27(3) p. 334-338
_wBR0202235
909 _a202311
_bLúcia
_c55
_dLúcia Elande
942 _2AGRIS
_n0
_cANA
999 _c170102
_d170102